000 00497nam a2200145 4500
999 _c10849
_d10849
008 180924b ||||| |||| 00| 0 eng d
022 _a2094-8042
082 _aDPer 370.105 M72 Jan-Dec 2011 v59-60
100 _931559
_aJaraplasan, Teresita Ll.
245 _aHow teachers help children learn/
_cTeresita Ll. Jaraplasan
260 _aPhilippines:
_bIn the Grade School, Inc.,
_cc2011.
300 _av60 n5, pages 184+:
_billustrations;
_c27cm.
650 0 _931560
_aTeachers.
942 _2ddc
_cPER